Normal view
MARC view
- Younus, Muhammad
Entry Personal Name
001 - CONTROL NUMBER
- control field: 91051
003 - CONTROL NUMBER IDENTIFIER
- control field: NUST
005 - DATE AND TIME OF LATEST TRANSACTION
- control field: 20220420101533.0
008 - FIXED-LENGTH DATA ELEMENTS
- fixed length control field: 220420|| aca||aabn | a|a d
040 ## - CATALOGING SOURCE
- Original cataloging agency: NUST
- Transcribing agency: NUST
100 ## - HEADING--PERSONAL NAME
- Personal name: Younus, Muhammad
670 ## - SOURCE DATA FOUND
- Source citation: Work cat.: (NUST): Younus, Muhammad , Reflections on China: An ambassador's view from Beijing, 1986
